Land use and water resources in temperature and tropical climates. (Record no. 23170)

MARC details
000 -LEADER
fixed length control field 00350nam a2200121Ia 4500
082 ## - DEWEY DECIMAL CLASSIFICATION NUMBER
Classification number 628.11
Item number PER
100 ## - MAIN ENTRY--AUTHOR NAME
Personal name PEREIRA, H C
245 #0 - TITLE STATEMENT
Title Land use and water resources in temperature and tropical climates.
260 ## - PUBLICATION, DISTRIBUTION, ETC. (IMPRINT)
Place of publication London
Name of publisher Cambridge University
Year of publication 1973
650 ## - SUBJECT ADDED ENTRY--TOPICAL TERM
Topical Term Water resources
942 ## - ADDED ENTRY ELEMENTS (KOHA)
Koha item type Books
Holdings
Withdrawn status Lost status Damaged status Not for loan Home library Current library Date acquired Full call number Accession Number Koha item type
        RRII Library RRII Library 16/12/2021 628.11 PER 03871 Books